00317nam a2200121Ia 4500008004100000041000800041082001900049100002200068245003800090260002800128300003000156365000900186240624s9999 xx 000 0 und d aeng a338.502465 PER aPERLOFF JEFFREY M aMANAGERIAL ECONOMICS AND STRATEGY c2014aNew YorkbPearson axx, : 608 : p. : cm. ; 26 cb30